Μαθαίνοντας να λέμε αντίο : στο γονιό που χάνεται

Saved in:
Bibliographic Details
Main Author: Leshan, Eda J.
Other Authors: Γιοβανόπουλος, Παύλος (Illustrator), Νάντσου, Εύη (trlf)
Format: Book
Language:Greek
English
Published: Αθήνα : Θυμάρι, 1982.
Series:Αγωγή (Θυμάρι) ; 10, 37
Subjects:
Tags: Add Tag
No Tags, Be the first to tag this record!

MARC

LEADER 00000cam a2200000 i 4500
001 1/76904
008 960523s1982 gr | ||| |||| ||gre||
035 |a 1986  |b 3  |c Αγορά/Τσιάκαλος  |l 10032530 
040 |a GR-MyUa   |b gre   |e AACR2  
041 1 |a gre  |h eng 
082 7 |a 155.9370834   |2 (22) 
100 1 |a Leshan, Eda J. 
245 1 0 |a Μαθαίνοντας να λέμε αντίο :   |b στο γονιό που χάνεται /   |c Έντα Λεσάν ; εικονογράφηση: Παύλος Γιοβανόπουλος ; μετάφραση: Εύη Νάντσου.  
260 |a Αθήνα :   |b Θυμάρι,   |c 1982.  
300 |a 102 σ. :   |b εικ. ;   |c 21 εκ.  
490 1 |a (Αγωγή / Θυμάρι ;   |v 10, 37) 
500 |3 Τίτλος πρωτοτύπου: Learning to say good-by.  
650 0 |a Children and death. 
650 0 |a Bereavement in children. 
650 0 |a Grief in children. 
700 1 |a Γιοβανόπουλος, Παύλος,  |e ill 
700 1 |a Νάντσου, Εύη,  |e trlf 
830 0 |a Αγωγή (Θυμάρι)  |v ; 10, 37 
852 |a INST  |b RHODES  |e 19960523  |h 155.9370834 LES  |p 005400003710  |q 005400003710  |t BK  |y 0 
970 |z 23/05/1997